[Event "Madrid-chT Honor 2223"]
[Site "Madrid"]
[Date "2023.02.12"]
[Round "9.5"]
[White "Fuentes Perez, Noe"]
[Black "Suarez Uriel, Adrian"]
[Result "0-1"]
[WhiteElo "1990"]
[BlackElo "2373"]
[PlyCount "120"]
[EventDate "2022.11.20"]
[EventType "team-tourn"]
[EventRounds "14"]
[EventCountry "ESP"]
[SourceTitle "EXT 2024"]
[Source "ChessBase"]
[SourceDate "2023.10.10"]
[SourceVersion "1"]
[SourceVersionDate "2023.10.10"]
[SourceQuality "1"]
[WhiteTeam "Villalba 64"]
[BlackTeam "Collado Villalba"]
[WhiteTeamCountry "ESP"]
[BlackTeamCountry "ESP"]

1. e4 c5 2. Nf3 d6 3. d4 cxd4 4. Nxd4 Nf6 5. Nc3 a6 6. Bc4 e6 7. Bb3 Nbd7 8. f4 Nc5 9. f5 Be7 10. 0-0 0-0 11. Qf3 Qc7 12. g4 d5 13. exd5 Nxb3 14. axb3 Bc5 15. Be3 Qe5 16. Kh1 exf5 17. Nxf5 Bxf5 18. Bf4 Qxc3 19. Qxc3 Be4+ 20. Rf3 Nxd5 21. Qxc5 Bxf3+ 22. Kg1 Nxf4 23. Qf5 Ne2+ 24. Kf2 Nd4 25. Qf4 Nxc2 26. Rc1 Bd5 27. Rxc2 Bxb3 28. Rc3 Be6 29. h4 Rac8 30. Rxc8 Rxc8 31. Qd4 h6 32. g5 hxg5 33. hxg5 g6 34. Qf6 b5 35. Ke3 a5 36. Qe5 Bc4 37. Kd4 Rd8+ 38. Kc3 Rd5 39. Qf6 Rd3+ 40. Kc2 b4 41. b3 Rc3+ 42. Kd2 Rxb3 43. Qd8+ Kh7 44. Qxa5 Rd3+ 45. Kc2 b3+ 46. Kb2 Rg3 47. Qd2 Be6 48. Qh2+ Rh3 49. Qf4 Rh1 50. Qg3 Rh3 51. Qd6 Re3 52. Qh2+ Kg8 53. Qd2 Re4 54. Qd8+ Kh7 55. Qd3 Ra4 56. Qg3 Ra2+ 57. Kc3 Rc2+ 58. Kb4 b2 59. Qg1 Kg8 60. Qb1 Bf5 0-1

[Event "ESP-ch U18"]
[Site "Salobrena"]
[Date "2020.08.20"]
[Round "6"]
[White "Fuentes Perez, Noe"]
[Black "Lazaro Pujol, Abel"]
[Result "0-1"]
[WhiteElo "2061"]
[BlackElo "2316"]
[PlyCount "52"]
[EventDate "2020.08.17"]
[EventType "swiss"]
[EventRounds "9"]
[EventCountry "ESP"]
[SourceTitle "CBM 197 Extra"]
[Source "ChessBase"]
[SourceDate "2020.09.30"]
[SourceVersion "1"]
[SourceVersionDate "2020.09.30"]
[SourceQuality "1"]

1. e4 e5 2. Nf3 Nc6 3. Bb5 a6 4. Ba4 Nf6 5. Qe2 b5 6. Bb3 Bc5 7. c3 0-0 8. 0-0 d5 9. d3 h6 10. h3 Bb7 11. Rd1 Re8 12. Nbd2 a5 13. a4 b4 14. Nf1 Ba6 15. Ng3 Rb8 16. Rb1 Bf8 17. exd5 bxc3 18. Bc4 Nd4 19. Nxd4 exd4 20. Qc2 Nxd5 21. Bxd5 Qxd5 22. bxc3 Rxb1 23. Qxb1 dxc3 24. Qc2 Bb7 25. f3 Qd4+ 26. Kh1 Bc6 0-1

[Event "ESP-ch U18"]
[Site "Salobrena"]
[Date "2020.08.17"]
[Round "2"]
[White "Gines Esteo, Pedro Antonio"]
[Black "Fuentes Perez, Noe"]
[Result "1-0"]
[WhiteElo "2454"]
[BlackElo "2061"]
[PlyCount "47"]
[EventDate "2020.08.17"]
[EventType "swiss"]
[EventRounds "9"]
[EventCountry "ESP"]
[SourceTitle "CBM 197 Extra"]
[Source "ChessBase"]
[SourceDate "2020.09.30"]
[SourceVersion "1"]
[SourceVersionDate "2020.09.30"]
[SourceQuality "1"]

1. Nf3 Nf6 2. c4 g6 3. b3 Bg7 4. Bb2 0-0 5. g3 d6 6. d4 Nbd7 7. Bg2 c6 8. 0-0 Re8 9. Nc3 e5 10. d5 cxd5 11. Nxd5 Nxd5 12. Qxd5 Nc5 13. Rad1 Bf8 14. Nxe5 Be6 15. Qf3 Qg5 16. h4 Qf5 17. Ng4 Qxf3 18. Bxf3 Bxg4 19. Bxg4 b5 20. cxb5 Rab8 21. b4 Na4 22. Bd4 Re7 23. Bf3 Rxb5 24. Bc6 1-0

[Event "ESP-ch U18"]
[Site "Salobrena"]
[Date "2020.08.17"]
[Round "1"]
[White "Hernando Santiago, Alberto"]
[Black "Fuentes Perez, Noe"]
[Result "0-1"]
[WhiteElo "1622"]
[BlackElo "2061"]
[PlyCount "50"]
[EventDate "2020.08.17"]
[EventType "swiss"]
[EventRounds "9"]
[EventCountry "ESP"]
[SourceTitle "CBM 197 Extra"]
[Source "ChessBase"]
[SourceDate "2020.09.30"]
[SourceVersion "1"]
[SourceVersionDate "2020.09.30"]
[SourceQuality "1"]

1. e4 c5 2. Nf3 e6 3. Nc3 a6 4. d4 cxd4 5. Nxd4 Qc7 6. Bd3 Nc6 7. Nxc6 dxc6 8. 0-0 e5 9. f4 Bc5+ 10. Kh1 Nf6 11. h3 h5 12. f5 Bd7 13. Qf3 0-0-0 14. Be3 Bxe3 15. Qxe3 Kb8 16. Na4 Bc8 17. b4 Rd4 18. c3 Rd6 19. Be2 g6 20. Nb6 gxf5 21. Nxc8 f4 22. Qc5 Nxe4 23. Qxe5 Ng3+ 24. Kg1 Rxc8 25. Rxf4 Rd1+ 0-1

[Event "Puerto del Rosario op U2300 "]
[Site "Puerto del Rosario"]
[Date "2018.09.27"]
[Round "2"]
[White "Fuentes Perez, Noe"]
[Black "Hernandez Capote, Carmen"]
[Result "1-0"]
[WhiteElo "1960"]
[BlackElo "1598"]
[PlyCount "55"]
[EventDate "2018.09.27"]
[EventType "swiss"]
[EventRounds "7"]
[EventCountry "ESP"]
[SourceTitle "CBM 187 Extra"]
[Source "ChessBase"]
[SourceDate "2018.11.04"]
[SourceVersion "1"]
[SourceVersionDate "2018.11.04"]
[SourceQuality "1"]

1. b3 e5 2. Bb2 Nc6 3. e3 Nf6 4. Bb5 Bd6 5. Na3 Na5 6. Be2 0-0 7. Nb5 Qe7 8. Nf3 e4 9. Nxd6 Qxd6 10. Ne5 Nc6 11. d4 exd3 12. Nxd3 b6 13. 0-0 Bb7 14. c4 Qe7 15. Bf3 Rad8 16. Qc1 Ne4 17. c5 Ng5 18. Be2 Qe4 19. f3 Qe7 20. Ba3 b5 21. Nf4 b4 22. Nd5 Qe6 23. Nxb4 Rfe8 24. e4 Nxb4 25. Bxb4 Nxe4 26. Bc4 Qg6 27. fxe4 Qxe4 28. Qd2 1-0

[Event "Lanzarote op"]
[Site "Lanzarote"]
[Date "2018.06.30"]
[Round "9"]
[White "Fuentes Perez, Noe"]
[Black "Garcia Blanco, Omar"]
[Result "0-1"]
[WhiteElo "1852"]
[BlackElo "2326"]
[PlyCount "66"]
[EventDate "2018.06.25"]
[EventType "swiss"]
[EventRounds "9"]
[EventCountry "ESP"]
[SourceTitle "CBM 185 Extra"]
[Source "ChessBase"]
[SourceDate "2018.07.29"]
[SourceVersion "1"]
[SourceVersionDate "2018.07.29"]
[SourceQuality "1"]

1. Nf3 Nf6 2. g3 g6 3. Bg2 Bg7 4. 0-0 0-0 5. d3 d6 6. e4 e5 7. c3 h6 8. Re1 Kh7 9. d4 Nc6 10. Nbd2 Re8 11. dxe5 dxe5 12. Qe2 a5 13. Nc4 b6 14. Rd1 Qe7 15. Qc2 Ba6 16. Ne3 Rad8 17. Nd5 Nxd5 18. exd5 e4 19. Ng5+ hxg5 20. dxc6 Bd3 21. Qa4 Bb5 22. Qc2 Rxd1+ 23. Qxd1 Bxc6 24. Qg4 Bh6 25. Bd2 f5 26. Qd1 Qd7 27. Qc1 f4 28. gxf4 e3 29. Bxc6 exf2+ 30. Kxf2 Qxc6 31. Qd1 Qc5+ 32. Kg2 Qd5+ 33. Kf2 Rd8 0-1

[Event "Lanzarote op"]
[Site "Lanzarote"]
[Date "2018.06.29"]
[Round "8"]
[White "Hernandez Leon, Sergio"]
[Black "Fuentes Perez, Noe"]
[Result "0-1"]
[WhiteElo "2158"]
[BlackElo "1852"]
[PlyCount "64"]
[EventDate "2018.06.25"]
[EventType "swiss"]
[EventRounds "9"]
[EventCountry "ESP"]
[SourceTitle "CBM 185 Extra"]
[Source "ChessBase"]
[SourceDate "2018.07.29"]
[SourceVersion "1"]
[SourceVersionDate "2018.07.29"]
[SourceQuality "1"]

1. e4 c5 2. Nc3 e6 3. Nf3 a6 4. g3 b5 5. Bg2 Nc6 6. 0-0 Bb7 7. d3 d6 8. a4 b4 9. Ne2 Nf6 10. Nd2 d5 11. h3 Be7 12. exd5 exd5 13. Nb3 Na5 14. Nxa5 Qxa5 15. Nf4 0-0 16. g4 Rad8 17. g5 Ne8 18. Nh5 g6 19. Re1 Rd7 20. Ng3 f6 21. h4 fxg5 22. Qg4 Qd8 23. hxg5 Ng7 24. f4 Bd6 25. Bh3 Rdf7 26. Ne2 Nh5 27. Rf1 Qc7 28. Bg2 Bxf4 29. Qe6 Kh8 30. Nxf4 Nxf4 31. Bxf4 Rxf4 32. Bxd5 Rxf1+ 0-1

[Event "Lanzarote op"]
[Site "Lanzarote"]
[Date "2018.06.27"]
[Round "5"]
[White "Fuentes Perez, Noe"]
[Black "Garcia Padron, Jose"]
[Result "0-1"]
[WhiteElo "1852"]
[BlackElo "2403"]
[PlyCount "54"]
[EventDate "2018.06.25"]
[EventType "swiss"]
[EventRounds "9"]
[EventCountry "ESP"]
[SourceTitle "CBM 185 Extra"]
[Source "ChessBase"]
[SourceDate "2018.07.29"]
[SourceVersion "1"]
[SourceVersionDate "2018.07.29"]
[SourceQuality "1"]

1. Nf3 d5 2. g3 c6 3. Bg2 Bg4 4. 0-0 Nd7 5. d3 e5 6. e4 Bd6 7. Nc3 d4 8. Ne2 f6 9. c3 c5 10. cxd4 cxd4 11. Nd2 Ne7 12. Nc4 Bc5 13. a4 Nc6 14. f4 0-0 15. f5 a6 16. h3 Bh5 17. g4 Bf7 18. Nd2 Be7 19. Ng3 Nb4 20. Rf3 Rc8 21. b3 Rc3 22. Bf1 Nc5 23. Bb2 Rc2 24. Ba3 Rxd2 25. Qxd2 Nxb3 26. Qb2 Nxa1 27. Qxa1 Qa5 0-1

[Event "Gran Canaria-ch U16"]
[Site "Gran Canaria"]
[Date "2018.04.21"]
[Round "3.2"]
[White "Fuentes Perez, Noe"]
[Black "Perez Guerra, Raul"]
[Result "0-1"]
[WhiteElo "1865"]
[BlackElo "1854"]
[PlyCount "36"]
[EventDate "2018.04.21"]
[EventType "swiss"]
[EventRounds "4"]
[EventCountry "ESP"]
[SourceTitle "EXT 2024"]
[Source "ChessBase"]
[SourceDate "2023.10.10"]
[SourceVersion "1"]
[SourceVersionDate "2023.10.10"]
[SourceQuality "1"]

1. g3 Nc6 2. Bg2 e5 3. d3 g6 4. Nf3 Bg7 5. c3 d6 6. 0-0 f5 7. e4 Nf6 8. Re1 0-0 9. Ng5 Qe7 10. exf5 gxf5 11. f4 h6 12. Nh3 Ng4 13. Na3 Qf7 14. Nc2 Nf6 15. b4 e4 16. d4 Be6 17. Ne3 Nd5 18. Qc2 Nxc3 0-1

[Event "Las Palmas Montalvo Memorial 11th"]
[Site "Las Palmas"]
[Date "2018.03.24"]
[Round "1"]
[White "Fuentes Perez, Noe"]
[Black "Diaz del Rosario, Carlos Efren"]
[Result "1-0"]
[WhiteElo "1855"]
[BlackElo "1132"]
[PlyCount "71"]
[EventDate "2018.03.24"]
[EventType "swiss"]
[EventRounds "9"]
[EventCountry "ESP"]
[SourceTitle "CBM 183 Extra"]
[Source "ChessBase"]
[SourceDate "2018.04.19"]
[SourceVersion "1"]
[SourceVersionDate "2018.04.19"]
[SourceQuality "1"]

1. e4 e5 2. Nf3 Nc6 3. Bc4 Nf6 4. d4 exd4 5. 0-0 Nxe4 6. Re1 d5 7. Bxd5 Qxd5 8. Nc3 Qf5 9. Rxe4+ Be7 10. Nxd4 Qd7 11. Nxc6 Qxd1+ 12. Nxd1 bxc6 13. Bg5 Be6 14. Bxe7 Kxe7 15. c4 f5 16. Re2 Kf6 17. b3 c5 18. Nc3 Bd7 19. Nd5+ Kg6 20. Re7 c6 21. Nf4+ Kg5 22. Nh3+ Kf6 23. Rxd7 Rhd8 24. Rad1 Rxd7 25. Rxd7 Re8 26. Kf1 Re7 27. Rxe7 Kxe7 28. Nf4 Kd6 29. Nd3 a5 30. f4 h6 31. Ke2 g5 32. fxg5 hxg5 33. g3 g4 34. Ke3 Ke6 35. Kf4 Kf6 36. Nxc5 1-0

[Event "Las Palmas Insular-chT Segunda 1718"]
[Site "Las Palmas"]
[Date "2018.03.10"]
[Round "9.2"]
[White "Fuentes Perez, Noe"]
[Black "Guerra Aleman, Marcial"]
[Result "1-0"]
[WhiteElo "1841"]
[BlackElo "1671"]
[PlyCount "61"]
[EventDate "2017.10.28"]
[EventType "team-swiss"]
[EventRounds "9"]
[EventCountry "ESP"]
[SourceTitle "EXT 2021"]
[Source "ChessBase"]
[SourceDate "2020.10.23"]
[SourceVersion "1"]
[SourceVersionDate "2020.10.23"]
[SourceQuality "1"]
[WhiteTeam "Fundacion La Caja de Canarias III"]
[BlackTeam "Puerto Santa Lucia"]
[WhiteTeamCountry "ESP"]
[BlackTeamCountry "ESP"]

1. e4 e6 2. d3 d5 3. Nd2 Nf6 4. Ngf3 c5 5. g3 Nc6 6. Bg2 dxe4 7. dxe4 e5 8. 0-0 Bg4 9. c3 h5 10. Qa4 Bd7 11. Qc2 Qc7 12. Nc4 b5 13. Ne3 c4 14. Nd5 Nxd5 15. exd5 Ne7 16. d6 Qxd6 17. Nxe5 Bf5 18. Qe2 Rd8 19. Bf4 Qe6 20. Rfe1 g5 21. Bxg5 f6 22. Bxf6 Qxf6 23. Bc6+ Nxc6 24. Nxc6+ Kf7 25. Nxd8+ Qxd8 26. a4 h4 27. axb5 Qd5 28. Qe8+ Kg8 29. Re5 Qd3 30. Rxa7 hxg3 31. Qf7# 1-0

[Event "Las Palmas Insular-chT Segunda 1718"]
[Site "Las Palmas"]
[Date "2018.02.24"]
[Round "8.1"]
[White "Fuentes Perez, Noe"]
[Black "Leon Rodriguez, Orlando"]
[Result "0-1"]
[WhiteElo "1841"]
[BlackElo "2206"]
[PlyCount "102"]
[EventDate "2017.10.28"]
[EventType "team-swiss"]
[EventRounds "9"]
[EventCountry "ESP"]
[SourceTitle "EXT 2021"]
[Source "ChessBase"]
[SourceDate "2020.10.23"]
[SourceVersion "1"]
[SourceVersionDate "2020.10.23"]
[SourceQuality "1"]
[WhiteTeam "Fundacion La Caja de Canarias III"]
[BlackTeam "Panaderia Pulido San Mateo"]
[WhiteTeamCountry "ESP"]
[BlackTeamCountry "ESP"]

1. e4 d5 2. exd5 Qxd5 3. Nc3 Qa5 4. Bc4 c6 5. Nf3 Nf6 6. 0-0 Bg4 7. d4 e6 8. Re1 Nbd7 9. Bd2 Qc7 10. a4 Bd6 11. h3 Bh5 12. Qe2 0-0 13. Rad1 Nb6 14. Bb3 Nbd5 15. Na2 Nf4 16. Bxf4 Bxf4 17. Nb4 Rad8 18. c3 Qb6 19. Bc2 Bb8 20. Nd3 Qc7 21. g4 Bg6 22. Nfe5 Nd7 23. f4 Nxe5 24. fxe5 Bxd3 25. Qxd3 g6 26. g5 c5 27. Rf1 Qb6 28. Qe3 cxd4 29. cxd4 a6 30. Rf4 Qxb2 31. Qf2 Ba7 32. Kh1 Qa3 33. Kg2 Rc8 34. Rf1 Qe7 35. h4 Rc4 36. Kh3 Qd7 37. h5 Bxd4 38. Qe2 Rc3+ 39. Kh4 Be3 40. Re4 Bb6 41. Ref4 Bd8 42. hxg6 h6 43. gxf7+ Kg7 44. Qe4 Rxc2 45. Qxc2 hxg5+ 46. Kh3 Rh8+ 47. Kg4 Rh4+ 48. Kg3 Rxf4 49. Rh1 Rh4 50. Rf1 Be7 51. Qf2 Rf4 0-1

[Event "Las Palmas Insular-chT Segunda 1718"]
[Site "Las Palmas"]
[Date "2018.01.13"]
[Round "5.4"]
[White "Garcia Almeida, Aitana Maria"]
[Black "Fuentes Perez, Noe"]
[Result "0-1"]
[WhiteElo "1609"]
[BlackElo "1841"]
[PlyCount "56"]
[EventDate "2017.10.28"]
[EventType "team-swiss"]
[EventRounds "9"]
[EventCountry "ESP"]
[SourceTitle "EXT 2019"]
[Source "ChessBase"]
[SourceDate "2018.10.10"]
[SourceVersion "1"]
[SourceVersionDate "2018.10.10"]
[SourceQuality "1"]
[WhiteTeam "Grandama II"]
[BlackTeam "Fundacion La Caja de Canarias II"]
[WhiteTeamCountry "ESP"]
[BlackTeamCountry "ESP"]

1. Nf3 g6 2. g3 Bg7 3. Bg2 c5 4. 0-0 Nc6 5. d3 e6 6. Nbd2 Nge7 7. Nc4 d5 8. Ncd2 0-0 9. e4 b6 10. Re1 Qc7 11. c3 Ba6 12. Qc2 Rad8 13. Nf1 dxe4 14. dxe4 Bd3 15. Qb3 Na5 16. Qa3 Nec6 17. Bf4 e5 18. Bd2 Nc4 19. Qa4 Bxf1 20. Bxf1 Nxd2 21. Nxd2 Rxd2 22. Qb3 Rfd8 23. Rad1 Na5 24. Qa4 c4 25. Rxd2 Rxd2 26. Rd1 Rxd1 27. Qxd1 Bf6 28. Qf3 Kg7 0-1

[Event "ESP-ch 82nd"]
[Site "Las Palmas"]
[Date "2017.10.03"]
[Round "5"]
[White "Fuentes Perez, Noe"]
[Black "Espinosa Aranda, Angel"]
[Result "0-1"]
[WhiteElo "1768"]
[BlackElo "2453"]
[PlyCount "48"]
[EventDate "2017.09.29"]
[EventType "swiss"]
[EventRounds "9"]
[EventCountry "ESP"]
[SourceTitle "CBM 181 Extra"]
[Source "ChessBase"]
[SourceDate "2017.12.12"]
[SourceVersion "1"]
[SourceVersionDate "2017.12.12"]
[SourceQuality "1"]

1. b3 Nf6 2. Bb2 g6 3. c4 Bg7 4. g3 0-0 5. Bg2 c6 6. e3 d5 7. Ne2 Bf5 8. cxd5 cxd5 9. d3 Na6 10. 0-0 Nb4 11. Nf4 Rc8 12. Nc3 Bg4 13. f3 Bd7 14. a3 Nc6 15. Ncxd5 Nxd5 16. Bxg7 Nxe3 17. Qe2 Nxg2 18. Bxf8 Nxf4 19. gxf4 Kxf8 20. Qb2 Qb6+ 21. Kg2 Qd4 22. Qxd4 Nxd4 23. Rac1 Rxc1 24. Rxc1 Bc6 0-1

[Event "Las Palmas Montalvo Memorial 10th"]
[Site "Las Palmas"]
[Date "2017.04.08"]
[Round "1"]
[White "Gutierrez Olivares, Daniel"]
[Black "Fuentes Perez, Noe"]
[Result "1-0"]
[WhiteElo "2336"]
[BlackElo "1660"]
[PlyCount "39"]
[EventDate "2017.04.08"]
[EventType "swiss"]
[EventRounds "9"]
[EventCountry "ESP"]
[SourceTitle "CBM 177 Extra"]
[Source "ChessBase"]
[SourceDate "2017.04.27"]
[SourceVersion "1"]
[SourceVersionDate "2017.04.27"]
[SourceQuality "1"]

1. c4 c5 2. Nc3 Nc6 3. g3 g6 4. Bg2 Bg7 5. a3 e6 6. Rb1 Nge7 7. b4 d6 8. e3 Rb8 9. Nge2 0-0 10. 0-0 b6 11. d3 Bb7 12. Qc2 d5 13. cxd5 exd5 14. bxc5 d4 15. Ne4 dxe3 16. fxe3 Ba6 17. Rd1 Ne5 18. d4 Nc4 19. N2c3 Nf5 20. Qf2 1-0

[Event "ESP-ch U14"]
[Site "Granada"]
[Date "2016.07.16"]
[Round "9"]
[White "Fuentes Perez, Noe"]
[Black "Lin, Ying Rui"]
[Result "0-1"]
[WhiteElo "1645"]
[BlackElo "1901"]
[PlyCount "60"]
[EventDate "2016.07.11"]
[EventType "swiss"]
[EventRounds "9"]
[EventCountry "ESP"]
[SourceTitle "EXT 2024"]
[Source "ChessBase"]
[SourceDate "2023.10.10"]
[SourceVersion "1"]
[SourceVersionDate "2023.10.10"]
[SourceQuality "1"]

1. e4 c5 2. Nc3 Nc6 3. g3 g6 4. Bg2 Bg7 5. d3 d6 6. Be3 e5 7. Qd2 Be6 8. Nge2 Nf6 9. h3 Qd7 10. Nd5 Bxd5 11. exd5 Ne7 12. c4 h5 13. Nc3 Nf5 14. Rb1 0-0 15. 0-0 Rae8 16. Ne4 Nxe3 17. fxe3 Nh7 18. b4 f5 19. Nc3 Bh6 20. bxc5 dxc5 21. Rb5 b6 22. a4 Qd6 23. Ne2 e4 24. dxe4 Nf6 25. Nf4 Nxe4 26. Bxe4 Rxe4 27. Qc3 Bg7 28. Qd3 Rxe3 29. Qxe3 Bd4 30. Qxd4 Qd8 0-1

[Event "ESP-ch U14"]
[Site "Granada"]
[Date "2016.07.12"]
[Round "3"]
[White "Fuentes Perez, Noe"]
[Black "Baquedano Coarasa, Pablo"]
[Result "0-1"]
[WhiteElo "1645"]
[BlackElo "1949"]
[PlyCount "92"]
[EventDate "2016.07.11"]
[EventType "swiss"]
[EventRounds "9"]
[EventCountry "ESP"]
[SourceTitle "EXT 2024"]
[Source "ChessBase"]
[SourceDate "2023.10.10"]
[SourceVersion "1"]
[SourceVersionDate "2023.10.10"]
[SourceQuality "1"]

1. e4 c5 2. Nc3 d6 3. g3 Nc6 4. Bg2 g6 5. d3 Bg7 6. Be3 e6 7. Nh3 Rb8 8. Qd2 b5 9. 0-0 Nge7 10. Bh6 0-0 11. Nd1 d5 12. Bxg7 Kxg7 13. Qc3+ d4 14. Qxc5 e5 15. f4 f6 16. b4 Be6 17. a4 a6 18. fxe5 fxe5 19. Rxf8 Kxf8 20. Ng5 Bg8 21. Nb2 bxa4 22. Rf1+ Kg7 23. Nc4 Rb5 24. Qd6 Qxd6 25. Nxd6 Rb8 26. Bh3 a3 27. Ra1 a2 28. Ne6+ Bxe6 29. Bxe6 Nxb4 30. Bxa2 Nxc2 31. Rb1 Rxb1+ 32. Bxb1 Nb4 33. Kf2 Kf6 34. Ke2 Ke6 35. Nc4 Nec6 36. Kd2 Na7 37. Na3 Nb5 38. Nxb5 axb5 39. Kc1 Kd6 40. Kb2 Kc5 41. Kb3 Nc6 42. Ba2 Nd8 43. Ka3 Nc6 44. Bf7 Nb4 45. Bg8 h6 46. Bf7 g5 0-1

[Event "Las Palmas Insular-chT Pref-B"]
[Site "Las Palmas"]
[Date "2016.01.09"]
[Round "8.4"]
[White "Fuentes Perez, Noe"]
[Black "Santiago Llanes, Jose Juan"]
[Result "1/2-1/2"]
[WhiteElo "1660"]
[BlackElo "1661"]
[PlyCount "76"]
[EventDate "2015.10.17"]
[EventType "team-tourn"]
[EventRounds "14"]
[EventCountry "ESP"]
[SourceTitle "CBM 170 Extra"]
[Source "ChessBase"]
[SourceDate "2016.02.25"]
[SourceVersion "1"]
[SourceVersionDate "2016.02.25"]
[SourceQuality "1"]
[WhiteTeam "La Caja de Canarias II"]
[BlackTeam "Telde Los Llanos"]
[WhiteTeamCountry "ESP"]
[BlackTeamCountry "ESP"]

1. e4 d5 2. exd5 Qxd5 3. Nc3 Qa5 4. d4 Nf6 5. Bd2 c6 6. Nf3 Bf5 7. Bc4 e6 8. 0-0 Bb4 9. a3 Bxc3 10. Bxc3 Qc7 11. Qe2 Nbd7 12. a4 0-0 13. Bb4 c5 14. dxc5 Nxc5 15. Nd4 Qb6 16. Nxf5 Qxb4 17. c3 Qb6 18. Nd4 Rac8 19. Rfd1 a6 20. a5 Qc7 21. Nb3 Nce4 22. Bd3 Nd6 23. Rd2 Nd5 24. Ra4 Rfd8 25. Rd4 h6 26. Qd1 Rd7 27. Bb1 Nc4 28. Re2 Rcd8 29. Qd3 Nf6 30. Qg3 Qxg3 31. hxg3 Rxd4 32. cxd4 Nd5 33. Bd3 Nd6 34. Kf1 Nb4 35. Bb1 Nb5 36. Be4 Nd6 37. Bb1 Nc6 38. Bd3 Nb4 1/2-1/2

[Event "Gran Canaria Santana Memorial 4th"]
[Site "Gran Canaria"]
[Date "2015.11.23"]
[Round "2"]
[White "Melian Santana, Juan"]
[Black "Fuentes Perez, Noe"]
[Result "0-1"]
[WhiteElo "1200"]
[BlackElo "1579"]
[PlyCount "70"]
[EventDate "2015.11.20"]
[EventType "swiss"]
[EventRounds "9"]
[EventCountry "ESP"]
[SourceTitle "EXT 2017"]
[Source "ChessBase"]
[SourceDate "2016.10.25"]
[SourceVersion "1"]
[SourceVersionDate "2016.10.25"]
[SourceQuality "1"]

1. e4 c5 2. Nf3 e6 3. Bb5 a6 4. Be2 Nc6 5. Nc3 Qc7 6. 0-0 b5 7. a3 Bb7 8. d3 Nge7 9. Be3 Ng6 10. Qd2 Be7 11. d4 cxd4 12. Nxd4 Nge5 13. Bf4 Qb6 14. Nf3 Nxf3+ 15. Bxf3 0-0 16. h3 Rfd8 17. Rfe1 Na5 18. b3 Rac8 19. Ne2 d5 20. e5 b4 21. a4 Bc5 22. Rf1 Nc6 23. Rac1 Nd4 24. Nxd4 Bxd4 25. Rfe1 Bc3 26. Be3 d4 27. Bxd4 Rxd4 28. Qe3 Bxf3 29. gxf3 Bxe1 30. Qxe1 Rc3 31. Qe2 Qd8 32. Kh2 h6 33. Rg1 Rd2 34. Qe4 Rxf2+ 35. Kh1 Rcxc2 0-1

[Event "Las Palmas School U14 6th"]
[Site "Las Palmas"]
[Date "2015.11.05"]
[Round "5.1"]
[White "Fuentes Perez, Noe"]
[Black "Sosa Suarez, Carla Cristina"]
[Result "1/2-1/2"]
[WhiteElo "1554"]
[BlackElo "1585"]
[PlyCount "67"]
[EventDate "2015.10.29"]
[EventType "swiss"]
[EventRounds "5"]
[EventCountry "ESP"]
[SourceTitle "EXT 2024"]
[Source "ChessBase"]
[SourceDate "2023.10.10"]
[SourceVersion "1"]
[SourceVersionDate "2023.10.10"]
[SourceQuality "1"]

1. b3 e6 2. Bb2 Nf6 3. e3 d5 4. Nf3 c5 5. c4 Be7 6. Be2 0-0 7. 0-0 b6 8. d3 Bb7 9. Qc2 Nc6 10. Nbd2 d4 11. exd4 cxd4 12. Ne4 Nxe4 13. dxe4 Nb4 14. Qd2 d3 15. Bd1 Bxe4 16. a3 Nc2 17. Bxc2 dxc2 18. Qf4 Bg6 19. Ne5 Bd6 20. Qd4 Qe7 21. Nxg6 fxg6 22. Qd3 Rad8 23. Qxc2 Bf4 24. Rad1 Qc7 25. g3 Bg5 26. Qe4 Qf7 27. Bd4 Qf5 28. Rfe1 Qxe4 29. Rxe4 Rf3 30. Rde1 Rxb3 31. Be3 Bxe3 32. R4xe3 Rxe3 33. Rxe3 Kf7 34. Kf1 1/2-1/2